Statistics for Bones in the Human Body

Click here to take the quiz!

General Stats

  • This quiz has been taken 20,079 times
    (20,060 since last reset)
  • The average score is 15 of 58

Answer Stats

Hint Answer % Correct
Legs (2)femur
84%
Legs (2)tibia
80%
Arms (2)ulna
70%
Legs (2)fibula
68%
Arms (2)radius
67%
Facialmandible
63%
Arms (2)humerus
62%
Shoulder (2)clavicle
59%
Shoulder (2)scapula
52%
Legs (2)patella
51%
Thoraxsternum
51%
Thorax (24)ribs
50%
Ankles/feet (10)metatarsal
44%
Hands (10)metacarpal
42%
Pelviscoccyx
39%
Backbone (5)lumbar
38%
Middle ears (2)malleus
34%
Backbone (7)cervical bones
33%
Middle ears (2)incus
32%
Backbone (12)thoracic vertebrae
32%
Cranialoccipital
31%
Cranialfrontal
30%
Middle ears (2)stapes
29%
Facial (2)zygomatic
28%
Facial (2)maxilla
28%
Cranial (2)temporal
27%
Cranial (2)parietal
24%
Pelvissacrum
20%
Facial (2)nasal
19%
Throathyoid
18%
Ankles/feet (2)calcaneus
14%
Wrists (2)scaphoid
13%
Cranialsphenoid
12%
Wrists (2)hamate
11%
Wrists (2)lunate
11%
Ankles/feet (2)talus
11%
Wrists (2)trapezium
10%
Wrists (2)trapezoid
10%
Hands (10)distal phalanges
10%
Cranialethmoid
10%
Wrists (2)pisiform
9%
Hands (10)proximal phalanges
9%
Ankles/feet (2)navicular bone
8%
Ankles/feet (2)cuboid
8%
Wrists (2)capitate
8%
Pelvisos coxae
8%
Wrists (2)triquetrum
8%
Facialvomer
8%
Facial (2)lacrimal
7%
Hands (8)intermediate phalanges
6%
Facial (2)palatine
6%
Ankles/feet (2)medial cuneiform
4%
Ankles/feet (2)intermediate cuneiform
4%
Ankles/feet (2)lateral cuneiform
4%
Facial (2)inferior nasal conchae
3%

Score Distribution

Percentile by Number Answered

Percent of People with Each Score

Your Score History

You have not taken this quiz since the last reset